| 000 | 00582cam a2200205ua 4500 | ||
|---|---|---|---|
| 020 | _c10.00 | ||
| 041 |
_aeng _h |
||
| 082 |
_a515.3 _bGRA/EL |
||
| 100 | _aGranville, William Anthony . | ||
| 245 |
_aElements of the differential and integral calculus / _cWIlliam Anthony Granville. _hTextual Documents |
||
| 250 |
_a1 / _b. |
||
| 260 |
_aNew Delhi : _bOxford & IBH Publishing company , _c1965. |
||
| 300 | _a556 ; . | ||
| 365 | _a10.00 | ||
| 504 | _a | ||
| 700 | 1 | _aLongley, William Raymond . | |
| 700 | 1 | _aSmith, Pearcey F . | |
| 942 | _cBK | ||
| 999 |
_c9245 _d9245 |
||